[Event "GER-chT Federal Cup (Women)"]
[Site "Braunfels"]
[Date "2018.06.01"]
[Round "2.6"]
[White "Vollstaedt Klein, Sabine"]
[Black "Mehling, Katharina"]
[Result "1-0"]
[WhiteElo "1853"]
[BlackElo "1895"]
[PlyCount "85"]
[EventDate "2018.05.31"]
[EventType "team-swiss"]
[EventRounds "5"]
[EventCountry "GER"]
[SourceTitle "EXT 2020"]
[Source "ChessBase"]
[SourceDate "2019.10.17"]
[SourceVersion "1"]
[SourceVersionDate "2019.10.17"]
[SourceQuality "1"]
[WhiteTeam "Baden (W)"]
[BlackTeam "Bayern (W)"]
[WhiteTeamCountry "GER"]
[BlackTeamCountry "GER"]

1. e4 e6 2. d4 d5 3. Nc3 Nf6 4. e5 Nfd7 5. Qg4 c5 6. Nf3 Nc6 7. Qg3 cxd4 8. Nb5 Bb4+ 9. c3 dxc3 10. bxc3 Bf8 11. Bd3 g6 12. 0-0 a6 13. Bg5 Qa5 14. Nd6+ Bxd6 15. exd6 Qxc3 16. Rfd1 Qg7 17. Rac1 f6 18. Bd2 0-0 19. Qh3 Qf7 20. Bh6 Rd8 21. Qg3 Nf8 22. Re1 e5 23. Bc2 Be6 24. Nh4 f5 25. Ba4 f4 26. Qg5 Rxd6 27. Bxc6 Rxc6 28. Rxc6 bxc6 29. Qxe5 Bd7 30. Qd6 Ne6 31. Nf3 Re8 32. Ne5 Nd8 33. Kf1 Qe7 34. Qxd7 Qxd7 35. Nxd7 Rxe1+ 36. Kxe1 Ne6 37. Nb8 c5 38. Nxa6 Kf7 39. h4 Kf6 40. Kd2 Ke5 41. f3 c4 42. Nb4 Nd4 43. Bg7+ 1-0

[Event "GER-chT Federal Cup (Women)"]
[Site "Braunfels"]
[Date "2018.05.31"]
[Round "1.6"]
[White "Muench, Ursula"]
[Black "Vollstaedt Klein, Sabine"]
[Result "1-0"]
[WhiteElo "1776"]
[BlackElo "1853"]
[PlyCount "81"]
[EventDate "2018.05.31"]
[EventType "team-swiss"]
[EventRounds "5"]
[EventCountry "GER"]
[SourceTitle "EXT 2020"]
[Source "ChessBase"]
[SourceDate "2019.10.17"]
[SourceVersion "1"]
[SourceVersionDate "2019.10.17"]
[SourceQuality "1"]
[WhiteTeam "Bayern (W) II"]
[BlackTeam "Baden (W)"]
[WhiteTeamCountry "GER"]
[BlackTeamCountry "GER"]

1. Nf3 Nf6 2. g3 Nc6 3. Bg2 e5 4. d3 d5 5. 0-0 h6 6. c4 Be6 7. b3 Bd6 8. Bb2 Qd7 9. cxd5 Nxd5 10. Nc3 0-0 11. d4 exd4 12. Nxd4 Nxc3 13. Bxc3 Bh3 14. Bxh3 Qxh3 15. Nxc6 bxc6 16. Qd4 f6 17. Qc4+ Kh8 18. Qxc6 Rae8 19. e3 Re6 20. Qg2 Qf5 21. Rac1 Ba3 22. Rcd1 Qc2 23. Ba5 Qxa2 24. b4 Qc4 25. Rd4 Qc3 26. Rfd1 c5 27. R4d3 Qc2 28. Qd5 Re5 29. Qd6 Rc8 30. Rxa3 cxb4 31. Bxb4 Rf5 32. Qd2 Qc4 33. Rxa7 Rb8 34. Qd7 Rg5 35. Bd6 Rb2 36. Bf4 Rg6 37. Qd3 Qc2 38. Qxc2 Rxc2 39. Rd8+ Kh7 40. Raa8 Rg4 41. h3 1-0

[Event "GER-chT Federal Cup (Women)"]
[Site "Braunfels"]
[Date "2017.06.16"]
[Round "2.7"]
[White "Vollstaedt Klein, Sabine"]
[Black "Henrichs, Wenke"]
[Result "0-1"]
[WhiteElo "1879"]
[BlackElo "1952"]
[PlyCount "68"]
[EventDate "2017.06.15"]
[EventType "team-swiss"]
[EventRounds "5"]
[EventCountry "GER"]
[SourceTitle "CBM 179 Extra"]
[Source "ChessBase"]
[SourceDate "2017.08.23"]
[SourceVersion "1"]
[SourceVersionDate "2017.08.23"]
[SourceQuality "1"]
[WhiteTeam "Baden (W)"]
[BlackTeam "Nordrhein Westfalen (W)"]
[WhiteTeamCountry "GER"]
[BlackTeamCountry "GER"]

1. e4 e6 2. d4 d5 3. Nc3 Nf6 4. Bg5 Bb4 5. Nge2 dxe4 6. a3 Be7 7. Ng3 Nbd7 8. Be3 Nd5 9. Ncxe4 Nxe3 10. fxe3 0-0 11. Bd3 f5 12. Nf2 c5 13. c3 cxd4 14. exd4 Nf6 15. Qc2 Nd5 16. 0-0-0 Ne3 17. Qe2 Nxd1 18. Qxd1 Qd5 19. Kb1 Qxg2 20. Qe2 Bf6 21. Bc4 Kh8 22. Qe1 Qc6 23. Bd3 b5 24. Rg1 a5 25. Nh5 Bd7 26. Qe3 Qd6 27. Qh3 b4 28. axb4 axb4 29. Nxf6 gxf6 30. Qh6 Rf7 31. Rg6 Qf8 32. Qh4 bxc3 33. Ng4 fxg4 34. Rxf6 Qe7 0-1

[Event "GER-chT Federal Cup (Women)"]
[Site "Braunfels"]
[Date "2013.05.31"]
[Round "2.3"]
[White "Sieber, Fiona"]
[Black "Vollstaedt Klein, Sabine"]
[Result "1-0"]
[WhiteElo "1836"]
[BlackElo "1902"]
[PlyCount "65"]
[EventDate "2013.05.30"]
[EventType "team-swiss"]
[EventRounds "5"]
[EventCountry "GER"]
[SourceTitle "EXT 2014"]
[Source "ChessBase"]
[SourceDate "2013.11.20"]
[SourceVersion "1"]
[SourceVersionDate "2013.11.20"]
[SourceQuality "1"]
[WhiteTeam "Niedersachsen (W)"]
[BlackTeam "Baden (W)"]
[WhiteTeamCountry "GER"]
[BlackTeamCountry "GER"]

1. e4 e5 2. Bc4 Bc5 3. Nf3 Nc6 4. c3 Nf6 5. d3 d6 6. Bb3 Bg4 7. h3 Bh5 8. 0-0 a6 9. Nbd2 h6 10. Re1 Ba7 11. Nf1 Qd7 12. Ng3 Bg6 13. Nh4 0-0-0 14. Nxg6 fxg6 15. Be3 Kb8 16. Bxa7+ Kxa7 17. Bc2 h5 18. b4 h4 19. Nf1 Rdf8 20. d4 Nh5 21. d5 Nd8 22. Qg4 Qe7 23. Nh2 Nf4 24. b5 Rh5 25. Qd1 Nf7 26. bxa6 Ng5 27. Ng4 Kxa6 28. Bd3+ Ka7 29. Qa4+ Kb8 30. Rab1 Nxd3 31. Rxb7+ Kxb7 32. Rb1+ Kc8 33. Qa6+ 1-0

[Event "GER-chT Federal Cup (Women)"]
[Site "Braunfels"]
[Date "2013.05.31"]
[Round "3.3"]
[White "Vollstaedt Klein, Sabine"]
[Black "Morosova, Svetlana"]
[Result "0-1"]
[WhiteElo "1902"]
[BlackElo "1652"]
[PlyCount "124"]
[EventDate "2013.05.30"]
[EventType "team-swiss"]
[EventRounds "5"]
[EventCountry "GER"]
[SourceTitle "EXT 2014"]
[Source "ChessBase"]
[SourceDate "2013.11.20"]
[SourceVersion "1"]
[SourceVersionDate "2013.11.20"]
[SourceQuality "1"]
[WhiteTeam "Baden (W)"]
[BlackTeam "Mecklenburg Vorpommern (W)"]
[WhiteTeamCountry "GER"]
[BlackTeamCountry "GER"]

1. e4 c5 2. Nc3 Nc6 3. g3 g6 4. Bg2 Bg7 5. Nge2 e6 6. 0-0 d6 7. d3 Nge7 8. Be3 0-0 9. Qd2 a6 10. Nd1 Qc7 11. c3 b6 12. d4 Bb7 13. f4 f5 14. Nf2 Rad8 15. d5 exd5 16. exd5 Na5 17. b3 b5 18. Rac1 Rfe8 19. Nh3 h6 20. Kh1 Ba8 21. Nhg1 Kh7 22. h3 Ng8 23. c4 b4 24. g4 fxg4 25. hxg4 Qe7 26. Rf3 Nf6 27. g5 Ng4 28. Bf2 Nxf2+ 29. Rxf2 Qe3 30. Qxe3 Rxe3 31. Bh3 hxg5 32. Rh2 gxf4 33. Be6+ Bh6 34. Nh3 Kg7 35. Nhxf4 Rf8 36. Nh3 Rxe2 37. Rxe2 Bxc1 38. Bg4 Rf6 39. Nf2 g5 40. Bc8 Bf4 41. Bxa6 Rf7 42. Bc8 Be5 43. Ng4 Bf4 44. Kg2 Bb7 45. Be6 Re7 46. Kf3 Ba8 47. Rg2 Nb7 48. Bf5 Nd8 49. Rg1 Nf7 50. Rh1 Ne5+ 51. Nxe5 Bxe5 52. Kg4 Bf4 53. Rh7+ Kf6 54. Rh6+ Ke5 55. Bc8 Kd4 56. Rh8 Ra7 57. a4 bxa3 58. Bf5 a2 59. Rh3 a1Q 60. Bc2 Qg1+ 61. Kf5 Rf7+ 62. Ke6 Qg4+ 0-1

[Event "GER-chT Federal Cup (Women)"]
[Site "Germany"]
[Date "2011.06.17"]
[Round "3.5"]
[White "Kierzek, Mira"]
[Black "Vollstaedt Klein, Sabine"]
[Result "0-1"]
[WhiteElo "2055"]
[BlackElo "1898"]
[PlyCount "170"]
[EventDate "2011.06.16"]
[EventType "team-swiss"]
[EventRounds "5"]
[EventCountry "GER"]
[SourceTitle "EXT 2012"]
[Source "ChessBase"]
[SourceDate "2011.11.24"]
[SourceVersion "1"]
[SourceVersionDate "2011.11.24"]
[SourceQuality "1"]
[WhiteTeam "Hessen"]
[BlackTeam "Baden"]
[WhiteTeamCountry "GER"]
[BlackTeamCountry "GER"]

1. d4 f5 2. g3 g6 3. Bg2 Nf6 4. c4 Bg7 5. Nc3 0-0 6. Nf3 c6 7. 0-0 d6 8. Qc2 Qc7 9. Qb3 Kh8 10. c5 h6 11. cxd6 exd6 12. h3 Re8 13. Qc2 g5 14. e3 Be6 15. b3 Na6 16. Ba3 Qd7 17. Rad1 Nc7 18. Bb2 Ne4 19. Kh2 Re7 20. Ne1 Nxc3 21. Bxc3 Bd5 22. Bb2 Bxg2 23. Nxg2 Rf8 24. Qd2 Nd5 25. Rc1 Rfe8 26. Rfe1 Nf6 27. Rf1 Rf7 28. Qc2 d5 29. Ne1 Ne4 30. Nd3 Qd6 31. Ne5 Qf6 32. Qe2 Rfe7 33. f4 Re6 34. Rcd1 Kg8 35. Qf3 Nd6 36. Kg2 Qd8 37. Ba1 Rf8 38. Qe2 Nf7 39. Qf3 gxf4 40. exf4 Nd6 41. Qh5 Ne4 42. Kh2 Rff6 43. Qf3 Qa5 44. Qe2 Qd8 45. Qe1 h5 46. Rd3 Rh6 47. h4 Bf6 48. Re3 Re7 49. Rg1 Rg7 50. Nf3 Rhg6 51. Ng5 Qd6 52. Qe2 Rh6 53. Qf3 Kf8 54. Rge1 Re7 55. Kg2 Ke8 56. Qe2 Kd8 57. Qd3 Rh8 58. Qe2 Kc8 59. Rc1 Kb8 60. Kh3 Rg7 61. Rg1 Bd8 62. Rc1 Qf6 63. Rd1 Bc7 64. Qf3 Re7 65. b4 Qg7 66. a4 Rhe8 67. Red3 Ka8 68. b5 cxb5 69. axb5 b6 70. Rc1 Bb8 71. Rc6 Nd6 72. Qxd5 Nb7 73. Ra3 Rd8 74. Qf3 Bd6 75. Rxb6 Bxa3 76. Ra6 Bd6 77. b6 Bb8 78. d5 Qg8 79. Qa3 Nd6 80. Ne6 Qg4+ 81. Kh2 Qe2+ 82. Kh3 Qf1+ 83. Kh2 Rdd7 84. Nc7+ Rxc7 85. b7+ Rxb7 0-1

[Event "GER-chT Federal Cup (Women)"]
[Site "Germany"]
[Date "2011.06.16"]
[Round "1.5"]
[White "Kaehmann, Lisa"]
[Black "Vollstaedt Klein, Sabine"]
[Result "0-1"]
[WhiteElo "1652"]
[BlackElo "1898"]
[PlyCount "124"]
[EventDate "2011.06.16"]
[EventType "team-swiss"]
[EventRounds "5"]
[EventCountry "GER"]
[SourceTitle "EXT 2012"]
[Source "ChessBase"]
[SourceDate "2011.11.24"]
[SourceVersion "1"]
[SourceVersionDate "2011.11.24"]
[SourceQuality "1"]
[WhiteTeam "Nordrhein Westfalen II"]
[BlackTeam "Baden"]
[WhiteTeamCountry "GER"]
[BlackTeamCountry "GER"]

1. e4 e5 2. Nf3 Nc6 3. Bc4 Bc5 4. Nc3 Nf6 5. 0-0 d6 6. d3 Bg4 7. Bg5 Nd4 8. Nd5 Nxf3+ 9. gxf3 Bh3 10. Re1 h6 11. Bh4 g5 12. Bg3 h5 13. Qd2 Nd7 14. b4 Bb6 15. f4 gxf4 16. Bxf4 exf4 17. Qxf4 Rg8+ 18. Kh1 Bg2+ 19. Kg1 Qg5 20. Qg3 h4 21. Qxg5 Rxg5 22. Ne3 Bxe3 23. Rxe3 Ne5 24. f4 Nxc4 25. dxc4 Rg7 26. Kf2 h3 27. e5 0-0-0 28. e6 fxe6 29. Rxe6 Rf8 30. Ke3 Rgf7 31. Re1 Kd7 32. Kd3 Rxf4 33. Re7+ Kd8 34. Kc3 Bf1 35. c5 dxc5 36. bxc5 Rc4+ 37. Kb2 Rxc5 38. Rh7 Bg2 39. Rd1+ Kc8 40. Re1 Rcf5 41. Ree7 Rc5 42. Re2 b6 43. Rd2 Rd8 44. Re2 Kb7 45. Rg7 Rd4 46. Rg3 Rb4+ 47. Kc1 Rbc4 48. Kb2 a5 49. a3 Rf5 50. Rg8 Bf1 51. Rd2 Rf3 52. Rg1 a4 53. Rh1 Bg2 54. Re1 b5 55. Re5 Kb6 56. Re6+ c6 57. Re1 Rcc3 58. Ra1 Rce3 59. Rd8 Rf1 60. Rxf1 Bxf1 61. Rd2 Re2 62. Rxe2 Bxe2 0-1

[Event "BL2 Sued 0910 (Women)"]
[Site "Germany"]
[Date "2009.12.05"]
[Round "3.3"]
[White "Vollstaedt Klein, Sabine"]
[Black "Henschel, Anke"]
[Result "0-1"]
[WhiteElo "1904"]
[BlackElo "1991"]
[PlyCount "94"]
[EventDate "2009.11.07"]
[EventType "team-tourn"]
[EventRounds "7"]
[EventCountry "GER"]
[SourceTitle "CBM 133 Extra"]
[Source "ChessBase"]
[SourceDate "2010.01.05"]
[SourceVersion "1"]
[SourceVersionDate "2010.01.05"]
[SourceQuality "1"]
[WhiteTeam "Mutterstadt (W)"]
[BlackTeam "Differten (W)"]
[WhiteTeamCountry "GER"]
[BlackTeamCountry "GER"]

1. e4 d5 2. exd5 Qxd5 3. Nc3 Qa5 4. d4 c6 5. Nf3 Nf6 6. Bd2 Bg4 7. h3 Qh5 8. Be2 e6 9. Rf1 Bxf3 10. Bxf3 Qg6 11. g4 Bb4 12. Ne2 Bxd2+ 13. Qxd2 Nbd7 14. Ng3 h6 15. 0-0-0 0-0-0 16. Kb1 Nb6 17. Qa5 Kb8 18. Rd3 Qg5 19. Qb4 Nfd5 20. Qc5 Nf4 21. Rb3 Qxc5 22. dxc5 Nc4 23. Ne4 Rd4 24. Rd1 Rhd8 25. Rxd4 Rxd4 26. Kc1 f5 27. Ng3 Nd2 28. gxf5 Nxb3+ 29. axb3 exf5 30. Nxf5 Rd7 31. h4 Nh3 32. h5 Nxf2 33. Be2 Ne4 34. b4 Rf7 35. Nh4 Ng3 36. Kd1 Rd7+ 37. Bd3 Nxh5 38. Nf5 Nf4 39. Kd2 Nxd3 40. cxd3 Rf7 41. Nd6 Rf8 42. b5 g5 43. bxc6 bxc6 44. b4 a6 45. Ne4 g4 46. Ng3 Rf4 47. Nh5 Rxb4 0-1

[Event "GER-chT Federal Cup (Women)"]
[Site "Braunfels"]
[Date "2006.05.07"]
[Round "5"]
[White "Woelfer, Wiebke"]
[Black "Vollstaedt Klein, Sabine"]
[Result "0-1"]
[WhiteElo "1871"]
[BlackElo "1683"]
[PlyCount "56"]
[EventDate "2006.05.04"]
[EventType "team-swiss"]
[EventRounds "5"]
[EventCountry "GER"]
[SourceTitle "EXT 2010"]
[Source "ChessBase"]
[SourceDate "2010.11.25"]
[SourceVersion "1"]
[SourceVersionDate "2010.11.25"]
[SourceQuality "1"]

1. e4 e5 2. Nf3 Nc6 3. Bc4 Bc5 4. c3 Nf6 5. d3 h6 6. b4 Bd6 7. Nbd2 Ne7 8. Nh4 g5 9. Qf3 Ng6 10. Nf5 Bf8 11. g4 d5 12. exd5 Bxf5 13. Qxf5 Nxd5 14. Nf3 Bg7 15. Bxg5 hxg5 16. Nxg5 Bf6 17. Bxd5 Qxd5 18. Ne4 Be7 19. Qf3 Nf4 20. h4 Qxd3 21. Qxd3 Nxd3+ 22. Ke2 Nf4+ 23. Kf3 0-0-0 24. g5 Rd3+ 25. Kg4 Nd5 26. Rac1 Kd7 27. Kf5 Bd6 28. h5 Rf3+ 0-1

[Event "BL 0405 (Women)"]
[Site "Germany"]
[Date "2005.04.23"]
[Round "10.3"]
[White "Sedina, Elena"]
[Black "Vollstaedt Klein, Sabine"]
[Result "1-0"]
[WhiteElo "2396"]
[BlackElo "1683"]
[PlyCount "41"]
[EventDate "2004.11.06"]
[EventType "team-tourn"]
[EventRounds "11"]
[EventCountry "GER"]
[SourceTitle "EXT 2006"]
[Source "ChessBase"]
[SourceDate "2005.11.24"]
[SourceVersion "1"]
[SourceVersionDate "2005.11.24"]
[SourceQuality "1"]
[WhiteTeam "Baden Oos (W)"]
[BlackTeam "Mannheim (W)"]
[WhiteTeamCountry "GER"]
[BlackTeamCountry "GER"]

1. e4 e5 2. Nf3 Nc6 3. Nc3 Nf6 4. g3 d6 5. Bg2 Bg4 6. h3 Bh5 7. d3 Nd4 8. Be3 Nxf3+ 9. Bxf3 Bxf3 10. Qxf3 Qd7 11. d4 exd4 12. Bxd4 Ng8 13. 0-0-0 Ne7 14. Nd5 Nxd5 15. exd5 0-0-0 16. Qc3 Qa4 17. Kb1 Rg8 18. b3 Qa6 19. Qf3 Qb5 20. Qxf7 Qd7 21. Qxg8 1-0

[Event "Halle-chT (Women)"]
[Site "Halle"]
[Date "2005.04.17"]
[Round "5.7"]
[White "Eckhardt, Claudia"]
[Black "Vollstaedt Klein, Sabine"]
[Result "1-0"]
[WhiteElo "2209"]
[BlackElo "1683"]
[PlyCount "79"]
[EventDate "2005.04.14"]
[EventType "team"]
[EventRounds "5"]
[EventCountry "GER"]
[SourceTitle "CBM 105 Extra"]
[Source "ChessBase"]
[SourceDate "2005.05.01"]
[SourceVersion "1"]
[SourceVersionDate "2005.05.01"]
[SourceQuality "1"]

1. d4 d5 2. Nf3 Nf6 3. g3 Bf5 4. Bg2 e6 5. 0-0 Be7 6. c4 c6 7. Nc3 0-0 8. h3 h6 9. Ne5 Nbd7 10. Kh2 Ne4 11. cxd5 Nxc3 12. bxc3 Nxe5 13. dxe5 cxd5 14. Be3 Qc7 15. Bd4 Qc4 16. g4 Bh7 17. f4 f5 18. Qd2 b6 19. Bf3 Bc5 20. Rg1 fxg4 21. Rxg4 Bf5 22. Rg2 Kh7 23. Rag1 Rg8 24. e3 Rac8 25. Be2 Qa4 26. Bd3 Rcf8 27. Bxc5 bxc5 28. c4 Qd7 29. Bxf5+ Rxf5 30. e4 Rh5 31. cxd5 exd5 32. f5 d4 33. Qf4 Qc7 34. Rg6 Qb8 35. Qg4 Qxe5+ 36. Kh1 Rxh3+ 37. Qxh3 Qxe4+ 38. R1g2 Qe1+ 39. Kh2 Qe5+ 40. Qg3 1-0

[Event "Halle-chT (Women)"]
[Site "Halle"]
[Date "2005.04.14"]
[Round "1.6"]
[White "Kimpel, Janine"]
[Black "Vollstaedt Klein, Sabine"]
[Result "1/2-1/2"]
[WhiteElo "1731"]
[BlackElo "1683"]
[PlyCount "52"]
[EventDate "2005.04.14"]
[EventType "team"]
[EventRounds "5"]
[EventCountry "GER"]
[SourceTitle "CBM 105 Extra"]
[Source "ChessBase"]
[SourceDate "2005.05.01"]
[SourceVersion "1"]
[SourceVersionDate "2005.05.01"]
[SourceQuality "1"]

1. e4 e5 2. Nf3 Nc6 3. Bc4 Bc5 4. c3 Nf6 5. d4 exd4 6. cxd4 Bb4+ 7. Bd2 Bxd2+ 8. Nbxd2 d6 9. 0-0 0-0 10. Re1 d5 11. exd5 Nxd5 12. Ne4 Bg4 13. Nc5 Rb8 14. Nb3 Nb6 15. Be2 Ne7 16. Ne5 Bf5 17. Bg4 Bxg4 18. Qxg4 f5 19. Qg3 Qd6 20. Nc5 Rf6 21. Ned7 Nxd7 22. Qxd6 Rxd6 23. Rxe7 Nxc5 24. dxc5 Rc6 25. b4 Rd8 26. g3 Rd4 1/2-1/2

[Event "BL 0405 (Women)"]
[Site "Germany"]
[Date "2005.02.19"]
[Round "6.2"]
[White "Helm, Leonie"]
[Black "Vollstaedt Klein, Sabine"]
[Result "1-0"]
[WhiteElo "2170"]
[BlackElo "1683"]
[PlyCount "55"]
[EventDate "2004.11.06"]
[EventType "team-tourn"]
[EventRounds "11"]
[EventCountry "GER"]
[SourceTitle "EXT 2006"]
[Source "ChessBase"]
[SourceDate "2005.11.24"]
[SourceVersion "1"]
[SourceVersionDate "2005.11.24"]
[SourceQuality "1"]
[WhiteTeam "Hamburg (W)"]
[BlackTeam "Mannheim (W)"]
[WhiteTeamCountry "GER"]
[BlackTeamCountry "GER"]

1. e4 e5 2. Nf3 Nf6 3. Nxe5 d6 4. Nf3 Nxe4 5. d4 Be7 6. Bd3 Nf6 7. 0-0 0-0 8. Re1 Re8 9. h3 d5 10. c4 Nc6 11. a3 h6 12. Nc3 Be6 13. c5 a5 14. Bf4 b6 15. Bb5 Bd7 16. Qa4 Nb8 17. Bxd7 Nbxd7 18. Nb5 Rc8 19. Na7 Nb8 20. Nxc8 Qxc8 21. cxb6 cxb6 22. Rac1 Qd8 23. Bc7 Qd7 24. Qxd7 Nbxd7 25. Ne5 Kf8 26. Nc6 Ne4 27. Nxe7 Rxe7 28. f3 1-0

[Event "BL 0405 (Women)"]
[Site "Germany"]
[Date "2004.12.05"]
[Round "4.3"]
[White "Vollstaedt Klein, Sabine"]
[Black "Lubbe, Melanie"]
[Result "0-1"]
[WhiteElo "1683"]
[BlackElo "2030"]
[PlyCount "80"]
[EventDate "2004.11.06"]
[EventType "team-tourn"]
[EventRounds "11"]
[EventCountry "GER"]
[SourceTitle "EXT 2006"]
[Source "ChessBase"]
[SourceDate "2005.11.24"]
[SourceVersion "1"]
[SourceVersionDate "2005.11.24"]
[SourceQuality "1"]
[WhiteTeam "Mannheim (W)"]
[BlackTeam "Leipzig Gohlis (W)"]
[WhiteTeamCountry "GER"]
[BlackTeamCountry "GER"]

1. e4 c5 2. Nc3 Nc6 3. g3 g6 4. Bg2 Bg7 5. d3 d6 6. Nge2 e6 7. Be3 Nd4 8. 0-0 Ne7 9. f4 0-0 10. Qd2 d5 11. Nd1 Nxe2+ 12. Qxe2 d4 13. Bd2 e5 14. b4 Qb6 15. Nb2 cxb4 16. Nc4 Qc5 17. Nxe5 Qxc2 18. Rfc1 Qa4 19. Rc4 a5 20. Nf3 Be6 21. Rc7 Nc6 22. e5 Bxa2 23. Rxb7 b3 24. Bc1 Rab8 25. Rxb8 Rxb8 26. Bb2 Qb5 27. Rc1 a4 28. Ng5 Nb4 29. Rc4 h6 30. Nxf7 Kxf7 31. e6+ Kg8 32. e7 Re8 33. Ba3 b2 34. Qe6+ Kh7 35. Bxb2 Bxc4 36. dxc4 Qf5 37. Qe2 Qb1+ 38. Bf1 d3 39. Qe6 Qxb2 40. Qd7 Qd4+ 0-1

[Event "BL 0304 (Women)"]
[Site "Germany"]
[Date "2004.04.17"]
[Round "10.4"]
[White "Kas Fromm, Rita"]
[Black "Vollstaedt Klein, Sabine"]
[Result "1/2-1/2"]
[WhiteElo "2216"]
[BlackElo "1683"]
[PlyCount "61"]
[EventDate "2003.11.29"]
[EventType "team-tourn"]
[EventRounds "11"]
[EventCountry "GER"]
[SourceTitle "EXT 2005"]
[Source "ChessBase"]
[SourceDate "2004.11.15"]
[SourceVersion "1"]
[SourceVersionDate "2004.11.15"]
[SourceQuality "1"]
[WhiteTeam "Hamburg"]
[BlackTeam "Mannheim"]
[WhiteTeamCountry "GER"]
[BlackTeamCountry "GER"]

1. d4 f5 2. Nf3 g6 3. Bf4 Bg7 4. c3 Nf6 5. Qb3 e6 6. Nbd2 d6 7. h4 h6 8. e3 Qe7 9. 0-0-0 Nbd7 10. Qa3 Ne4 11. Nxe4 fxe4 12. Nd2 Nf6 13. Be2 Bd7 14. f3 Bc6 15. Rdf1 exf3 16. Bxf3 Bxf3 17. Rxf3 Nh5 18. Qb3 0-0-0 19. Nc4 b6 20. Rhf1 Nxf4 21. Rxf4 Rhf8 22. Qa3 a5 23. b4 axb4 24. Qa6+ Kb8 25. cxb4 d5 26. Ne5 Bxe5 27. dxe5 Rxf4 28. Rxf4 Rf8 29. Qf1 Rf5 30. Rxf5 gxf5 31. Qf4 1/2-1/2

[Event "BL 0304 (Women)"]
[Site "Germany"]
[Date "2004.03.14"]
[Round "9.5"]
[White "Vollstaedt Klein, Sabine"]
[Black "Schoene, Maria"]
[Result "0-1"]
[WhiteElo "1683"]
[BlackElo "2023"]
[PlyCount "64"]
[EventDate "2003.11.29"]
[EventType "team-tourn"]
[EventRounds "11"]
[EventCountry "GER"]
[SourceTitle "EXT 2005"]
[Source "ChessBase"]
[SourceDate "2004.11.15"]
[SourceVersion "1"]
[SourceVersionDate "2004.11.15"]
[SourceQuality "1"]
[WhiteTeam "Mannheim"]
[BlackTeam "Dresden SC (W)"]
[WhiteTeamCountry "GER"]
[BlackTeamCountry "GER"]

1. e4 c5 2. Nc3 Nc6 3. g3 g6 4. Bg2 Bg7 5. d3 d6 6. Nge2 e6 7. Be3 Nd4 8. 0-0 Ne7 9. Qd2 0-0 10. Nd1 Rb8 11. c3 Nxe2+ 12. Qxe2 b6 13. f4 Bb7 14. Nf2 Qc7 15. Rad1 Ba6 16. h4 Rbe8 17. h5 gxh5 18. Qxh5 f5 19. Nh3 Ng6 20. Ng5 Bf6 21. Rfe1 Bxg5 22. Qxg5 Bb7 23. Kf2 Bc6 24. Bf3 Re7 25. Bd2 Rg7 26. Qh5 Qb7 27. Re3 e5 28. Re2 exf4 29. exf5 Bxf3 30. Qxf3 fxg3+ 31. Qxg3 Rxf5+ 32. Kg1 Ne5 0-1

[Event "BL 0304 (Women)"]
[Site "Germany"]
[Date "2004.03.13"]
[Round "8.5"]
[White "Suess, Annegret"]
[Black "Vollstaedt Klein, Sabine"]
[Result "1/2-1/2"]
[WhiteElo "2126"]
[BlackElo "1683"]
[PlyCount "140"]
[EventDate "2003.11.29"]
[EventType "team-tourn"]
[EventRounds "11"]
[EventCountry "GER"]
[SourceTitle "EXT 2005"]
[Source "ChessBase"]
[SourceDate "2004.11.15"]
[SourceVersion "1"]
[SourceVersionDate "2004.11.15"]
[SourceQuality "1"]
[WhiteTeam "Rodewisch"]
[BlackTeam "Mannheim"]
[WhiteTeamCountry "GER"]
[BlackTeamCountry "GER"]

1. d4 g6 2. c4 Bg7 3. Nc3 e6 4. Nf3 b6 5. Bg5 f6 6. Bh4 Ne7 7. e4 0-0 8. Be2 Bb7 9. 0-0 a6 10. Qb3 Qe8 11. Bg3 Qc8 12. Rfd1 Kh8 13. d5 e5 14. d6 Ng8 15. Nd5 Bxd5 16. cxd5 Qb7 17. dxc7 Qxc7 18. Rac1 Qb7 19. Qb4 a5 20. Qd6 Ra7 21. Rc2 Na6 22. Bxa6 Qxa6 23. Rdc1 Qb5 24. h3 Rd8 25. Rc8 Ra8 26. Rxa8 Rxa8 27. Rc7 Rd8 28. Rb7 Qxb2 29. Qc7 Re8 30. Rxb6 Qxa2 31. Qxd7 Re7 32. Qd8 Rf7 33. Qe8 Rf8 34. Qd7 Nh6 35. Rb7 Nf7 36. Qc7 Qa3 37. Ra7 a4 38. Qc2 Qb3 39. Qxb3 axb3 40. Rb7 Nd6 41. Rb4 Bh6 42. Nxe5 Nxe4 43. Rxe4 fxe5 44. Rb4 Rd8 45. Bxe5+ Kg8 46. d6 Bg7 47. f4 Bf8 48. Rxb3 Bxd6 49. Bxd6 Rxd6 50. Rb8+ Kg7 51. Rb7+ Kg8 52. Kf2 Rd2+ 53. Kf3 h5 54. Re7 Rd3+ 55. Re3 Rd4 56. g4 hxg4+ 57. hxg4 Kf7 58. Re5 Rb4 59. Rc5 Kf6 60. Rc6+ Kf7 61. Rd6 Ra4 62. Ke3 Rb4 63. Rd4 Rb3+ 64. Ke4 Rb5 65. Rd5 Rb4+ 66. Ke5 Rb7 67. f5 gxf5 68. Kxf5 Ra7 69. g5 Kg7 70. g6 Rb7 1/2-1/2

[Event "GER-chT Federal Cup (Women)"]
[Site "Naumburg"]
[Date "2003.04.04"]
[Round "3"]
[White "Espig, Gesine"]
[Black "Vollstaedt Klein, Sabine"]
[Result "1/2-1/2"]
[WhiteElo "2096"]
[BlackElo "1683"]
[PlyCount "55"]
[EventDate "2003.04.??"]
[EventType "team-swiss"]
[EventRounds "5"]
[EventCountry "GER"]
[SourceTitle "EXT 2004"]
[Source "ChessBase"]
[SourceDate "2003.11.25"]
[SourceVersion "1"]
[SourceVersionDate "2003.11.25"]
[SourceQuality "1"]

1. c4 e6 2. Nc3 d5 3. d4 Nf6 4. Nf3 Be7 5. e3 c6 6. Bd3 dxc4 7. Bxc4 b5 8. Bd3 a6 9. 0-0 c5 10. dxc5 Bxc5 11. a3 Bb7 12. b4 Ba7 13. Bb2 Nbd7 14. Qe2 0-0 15. Rfd1 Qe7 16. Rac1 Rac8 17. Bb1 Rfd8 18. Nd2 Bb8 19. Nde4 Nxe4 20. Nxe4 Rxc1 21. Rxc1 Bxe4 22. Bxe4 Bxh2+ 23. Kf1 Bd6 24. g3 Be5 25. Bxh7+ Kf8 26. Be4 Bxb2 27. Qxb2 Nf6 28. Bf3 1/2-1/2

[Event "DDMM (Women)"]
[Site "Weilburg"]
[Date "1999.??.??"]
[Round "1.3"]
[White "Bielicki, Birke"]
[Black "Vollstaedt Klein, Sabine"]
[Result "1-0"]
[WhiteElo "2165"]
[BlackElo "1683"]
[PlyCount "69"]
[EventDate "1999.??.??"]
[EventType "team"]
[EventRounds "5"]
[EventCountry "GER"]
[SourceTitle "EXT 2000"]
[Source "ChessBase"]
[SourceDate "1999.11.16"]
[SourceVersion "1"]
[SourceVersionDate "1999.11.16"]
[SourceQuality "1"]

1. d4 d5 2. Nf3 Nf6 3. c4 e6 4. Nc3 c6 5. Bg5 Be7 6. e3 0-0 7. Rc1 Nbd7 8. Qc2 Re8 9. a3 a6 10. Bd3 dxc4 11. Bxc4 b5 12. Ba2 Bb7 13. 0-0 Rc8 14. Rfd1 Qb6 15. Bb1 Nf8 16. b4 h6 17. Bxf6 Bxf6 18. Ne4 Be7 19. Ne5 Red8 20. f4 a5 21. Qb3 Bd6 22. Rf1 axb4 23. axb4 f5 24. Nc5 Bxc5 25. Rxc5 Rd5 26. Rfc1 Kh7 27. e4 Rxc5 28. dxc5 Qd8 29. Rd1 Qf6 30. exf5 exf5 31. Rd6 Qe7 32. Bxf5+ g6 33. Bxc8 Bxc8 34. Qf7+ Qxf7 35. Nxf7 1-0